Arsenal - Tous les joueurs à plus de 100 matchs - Statistiques

Statistiques générales
  • Ce quiz a été pris 995 fois
    583 depuis la dernière actualisation
  • Le résultat moyen est 21 sur 52
Statistiques - réponses
P Joueurs Matchs % Correct
A Bukayo Saka 179
84%
A Olivier Giroud 253
79%
A Alexandre Lacazette 206
73%
M Mesut Ozil 254
73%
A Pierre Emerick Aubameyang 163
71%
M Martin Odegaard 105
69%
D Laurent Koscielny 353
68%
G Petr Cech 139
68%
A Alexis Sanchez 166
63%
A Gabriel Martinelli 130
61%
D Gabriel Magalhaes 118
58%
A Theo Walcott 397
58%
M Granit Xhaka 297
55%
D Bacary Sagna 284
53%
D Per Mertesacker 221
53%
A Robin Van Persie 278
53%
M Aaron Ramsey 369
50%
M Cesc Fabregas 303
49%
D Hector Bellerin 239
48%
M Jack Wilshere 197
48%
M Samir Nasri 126
48%
M Santi Cazorla 180
48%
M Mikel Arteta 150
47%
G Bernd Leno 125
46%
D Gael Clichy 264
46%
G Wojciech Szczesny 181
40%
D Nacho Monreal 251
38%
M Alex Oxlade Chamberlain 198
37%
D Shkodran Mustafi 151
37%
M Mathieu Flamini 246
34%
D Kieran Gibbs 230
33%
M Abou Diaby 180
32%
M Tomas Rosicky 247
32%
A Andrei Archavine 144
31%
M Mohamed Elneny 155
30%
M Francis Coquelin 160
29%
A Nicolas Pepe 112
29%
A Danny Welbeck 126
26%
D Kieran Tierney 123
26%
G Manuel Almunia 175
25%
A Eddie Nketiah 131
24%
M Alexandre Song 204
21%
D Rob Holding 162
20%
A Alex Iwobi 149
19%
D Sead Kolasinac 118
17%
D Thomas Vermaelen 150
17%
D Ainsley Maitland-Niles 132
14%
D Calum Chambers 122
14%
A Nicklas Bendtner 171
12%
D Johan Djourou 144
10%
D Emmanuel Eboué 214
7%
M Denilson 153
1%
Aucun quiz correspondant
Distribution des résultats
% des personnes avec chaque résultat
Percentile par nombre de réponses
Votre historique - résultats
Vous n’avez pas pris ce quiz depuis la dernière actualisation